000
00213 a2200097 4500
001
23501
100
_a
Dummers, G W A
245
_a
Wires and R F cables
260
_a
_b
Andre deutsch
_c
1966
090
_c
15891
_d
15891
942
_a
NUST-CAE
_c
M
_c
6548
999
_c
258574
_d
258574